000 00655nam a2200217 i 4500
001 133824
003 ES-MaACL
005 20230906194535.0
007 t|
008 070830s1951 sp ||||1| spa d
100 1 _aWren, Percival Christopher.
_9117398
245 1 3 _aEl puerto de los desaparecidos /
_cP. C. Wren ; [traducción del inglés por Manuel Bosch Barrett].
250 _a[1ª ed.].
260 _aBarcelona :
_bL. A. R. A.,
_c[1951]
300 _a242 p. ;
_c19 cm.
490 1 _aHorizonte
700 1 _aBosch Barrett, Manuel.
_930649
830 0 _aHorizonte
_9180916
852 _aES-MaACL
_jD-7020
_bR.31880
999 _c133824
_d133824